000 00622nam a22002171c 4500
001 a987677176
008 160920s2004 gw |||| 000u rus d
020 _a5873171645
_95-87317-164-5
041 _arus
245 0 0 _aBaron Ungern v dokumentach i memuarach
264 _aMoskva :
_bTovariščestvo naučnych izdanij KMK,
_c2004
300 _a664 Seiten
600 0 _aUngern fon Šternberg, Roman F.
650 0 _aRussischer Bürgerkrieg <1917-1921>
651 0 _aMongolei
700 1 _aKuz'min, Sergej L.
_eHerausgeberIn
942 _cMG
040 _cRU-10907106
003 RU-10907106
999 _c34362
_d34362
490 0 _aSfera Evrazii